Paroles PNL - Le Monde ou Rien - Statistiques

Statistiques générales
  • Ce quiz a été pris 124 fois
  • Le résultat moyen est 219 sur 312
Statistiques - réponses
Paroles % Correct
J
97%
j
97%
L
96%
l
96%
p
95%
à
93%
a
93%
d
93%
m
93%
ou
93%
le
91%
Le
91%
pour
89%
V
89%
mon
88%
C
87%
du
85%
Du
85%
ouais
85%
Ouais
85%
de
83%
ma
83%
monde
83%
dans
81%
en
81%
rien
81%
ta
81%
est
80%
on
80%
veux
80%
G
79%
Igo
77%
La
77%
la
77%
les
77%
Les
77%
sa
76%
au
75%
qu
75%
racli
75%
ça
73%
ai
72%
escalier
72%
convient
71%
dessaper
71%
Oh
71%
oh
71%
panne
71%
suis
71%
enfer
68%
mère
68%
miens
68%
nique
68%
paradis
68%
voué
67%
bulle
65%
Moi
65%
ascenseur
64%
blanc
64%
mais
64%
vu
64%
bien
63%
gars
63%
je
63%
Président
63%
qui
63%
Tout
63%
ien-cli
61%
pas
61%
shit
61%
ton
61%
vais
61%
ve-Her
61%
voter
61%
allô
60%
bicrave
60%
non
60%
Non
60%
un
60%
bon
59%
frère
59%
hall
59%
Romeo
59%
taga
59%
vert
59%
elle
57%
pull
57%
sur
57%
mal
56%
olala
56%
pris
56%
Ah
55%
boule
55%
Dégage
55%
jaune
55%
poches
53%
que
53%
Sang
53%
école
52%
pété
52%
ficelle
51%
LV
51%
petit
51%
quand
51%
sous
51%
bloqué
49%
Ounga
49%
ounga
49%
string
49%
totalement
49%
faim
48%
famille
48%
Bah
47%
coke
47%
glaçon
47%
rond
47%
sers
47%
rentre
45%
temps
45%
balivernes
44%
tourne
44%
WC
44%
calin
43%
part
43%
trace
43%
trêve
43%
laisse
41%
life
41%
putains
41%
raconter
41%
queue
39%
trans
36%
tournent
33%
Et
27%
rattraper
23%
ces
20%
chico
17%
haine
17%
misère
16%
ont
16%
goût
12%
éteindre
11%
ombre
11%
tête
11%
tit
11%
bâtards
9%
briller
9%
larmes
9%
plutôt
9%
pose
9%
préfère
9%
prends
9%
couronne
7%
Aucun quiz correspondant
Distribution des résultats
% des personnes avec chaque résultat
Percentile par nombre de réponses
Votre historique - résultats
Vous n’avez pas pris ce quiz